000 00855nam a2200253Ia 4500
003 OSt
005 20220923212455.0
006 a|||||r|||| 00| 0
007 ta
008 220922b |||||||| |||| 00| 0 hin d
024 _a153,351
037 _cTextual
040 _aARTS
_cARTS
_bhin
041 _2hin
_ahin
082 _aO152vI, L3
100 _aआसोपा, पुरूषोत्तम प्रसाद
_9158326
245 0 _aआदिकाल की भूमिका
246 _aĀdikāl kī bhūmikā
260 _aबीकानर
_b सुर्य प्रकाशन
_c1973
300 _a176 पृ.
_ccm.
650 _aहिन्दी साहित्य
_9156264
942 _hO152vI, L3
_cTEXL
_2CC
999 _c308998
_d308998